| 000 | 01018nam a22002417a 4500 | ||
|---|---|---|---|
| 008 | 230623s2022 xxk|||||o|||| 00| 0 eng d | ||
| 041 | _aeng | ||
| 110 | _aRoyal Institution of Chartered Surveyors | ||
| 245 |
_aSurveyors advising in respect of compulsory purchase and statutory compensation _ba consultation on a draft 2nd edition _h[Electronic resource] |
||
| 260 |
_aLondon, _bRoyal Institution of Chartered Surveyors, _cNovember 2022 |
||
| 300 | _a48p. | ||
| 490 | _aRICS Consultation | ||
| 490 | _aRICS Professional Standard | ||
| 520 | _aConsultation opened 14th November 2022, closed 31st January 2023 | ||
| 650 | _aCOMPULSORY PURCHASE | ||
| 650 | _aPLANNING | ||
| 651 | _aUnited Kingdom | ||
| 690 |
_96228 _aCompulsory purchase |
||
| 700 | _aAsbury, Paul | ||
| 710 | _aRoyal Institution of Chartered Surveyors | ||
| 856 |
_uhttps://www.rics.org/profession-standards/knowledge-and-information-services/document-delivery-and-other-kis-fees _zArchived please email [email protected] |
||
| 942 | _n0 | ||
| 999 |
_c121557 _d121557 |
||